000 01029nas a2200313 4500
001 BR2014002546
003 BR-BrBNA
005 20231205124116.0
007 ta
008 230509b bl.|||p| |||| 00| 00por d
040 _aBR-BrBNA
_bpor
_cBiblioteca Nacional de Agricultura
041 _a(Pt)
072 _aF01; P33
100 1 _aJimenez, R.L.
100 1 _aGonçalves, W.G.
100 1 _aAraújo Filho, J.V. de
100 1 _aAssis, R.L. de
100 1 _aPires, F.R.
100 1 _aSilva, G.P.
245 1 _aCrescimento de plantas de cobertura sob diferentes níveis de compactação em um Latossolo Vermelho
650 _aFÍSICA DO SOLO
650 _aRAIZ
650 _aANÁLISE COMPARATIVA
650 _aMECÂNICA DO SOLO
773 0 _tRevista Brasileira de Engenharia Agrícola e Ambiental (Brazil)
_xISSN 1415-4366
_g(Mar-Apr 2008), V. 12(2) p. 116-121
_wBR2014002546
856 4 0 _uhttp://www.scielo.br/pdf/rbeaa/v12n2/v12n02a02.pdf
909 _a202311
_bLúcia
_c55
_dLúcia Elande
942 _2AGRIS
_n0
_cANA
999 _c237344
_d237344